| 000 | 00499nam a22001817a 4500 | ||
|---|---|---|---|
| 005 | 20251108165420.0 | ||
| 008 | 250721s1987 xx 000 0 ara d | ||
| 082 | 1 | 4 | _a947.0841/ريد |
| 100 | 1 | _aريد، جون | |
| 245 | 1 | 0 | _aعشرة أيام هزت العالم / |
| 264 | 1 |
_aموسكو : _bدار التقدم، _c1987. |
|
| 300 | _a453ص | ||
| 650 | 1 | 7 | _aروسيا |
| 650 | 1 | 7 | _aتاريخ روسيا |
| 650 | 1 | 7 | _aالثورة الروسية 1917 |
| 942 |
_2ddc _cBK |
||
| 999 |
_c27379 _d27379 |
||